SP1TFRE-SP-100 transient fuel rod evaluation code /

Bibliographic Details
Main Author: Carpenter, David Charles, 1955-
Format: Thesis eBook
Language:English
Published: [Place of publication not identified] : [publisher not identified] ; 1986.
Subjects:
Online Access:Link to OAKTrust copy

MARC

Tag First Indicator Second Indicator Subfields
LEADER 00000cam a2200000 a 4500
001 in00000020287
005 20220103114946.0
007 cr unu a
008 880712s1986 xx a b 00010 eng d
035 |9 AAB3128AM 
035 |a (OCoLC)18202071 
040 |a TXA  |c TXA  |d UtOrBLW 
049 |a TXAZ [Also in] [Archives]  |c 1 [A09507624], 2 [A09507632] 
099 |a 1986  |a Thesis  |a C295 
100 1 |a Carpenter, David Charles,  |d 1955- 
245 1 0 |a SP1TFRE-SP-100 transient fuel rod evaluation code /  |c by David Charles Carpenter. 
264 1 |a [Place of publication not identified] :  |b [publisher not identified] ;  |c 1986. 
300 |a ix, 138 leaves :  |b illustrations ;  |c 29 cm. 
336 |a text  |b txt  |2 rdacontent 
337 |a computer  |b c  |2 rdamedia 
338 |a online resource  |b cr  |2 rdacarrier 
500 |a "Major subject: Nuclear Engineering." 
500 |a Typescript (photocopy). 
500 |a Vita. 
502 |b M.S.  |c Texas A&M University  |d 1986. 
504 |a Bibliography: leaves 95-99. 
530 |a Also available online. 
650 0 |a Nuclear fuel elements  |x Data processing. 
650 0 |a Nuclear fuel rods  |x Thermal properties. 
650 4 |a Major nuclear engineering. 
856 4 1 |u https://hdl.handle.net/1969.1/ETD-TAMU-1986-THESIS-C295  |z Link to OAKTrust copy  |t 0 
999 |a MARS 
999 f f |s a493c99f-420d-3d13-9575-a274513fc2f8  |i 06bb0ab0-46a9-3b1d-b706-0c5afc40c283  |t 0 
952 f f |p noncirc  |a Texas A&M University  |b J.J. Pickle Campus  |c High Density Repository  |s HDR  |d Remote Storage  |t 0  |e 1986 Thesis C295  |h Other scheme  |i computer -- online resource  |m A14839610936 
952 f f |a Texas A&M University  |b College Station  |c Electronic Resources  |s www_evans  |d Available Online  |t 0  |e 1986 Thesis C295  |h Other scheme 
998 f f |a 1986 Thesis C295  |t 0  |l Available Online 
998 f f |a 1986 Thesis C295  |t 0  |l Remote Storage